Statistiken für Flaggen, die am meisten Schwarz beinhalten

Klicken Sie hier um das Quiz zu spielen!

Allgemein

  • Dieses Quiz wurde 502 mal gespielt
  • Das Durchschnittsergebnis liegt bei 12 aus 15

Antwortstatistiken

Answer % Korrekt
Deutschland
100%
Belgien
99%
Jamaika
97%
Ägypten
92%
Estland
92%
Irak
92%
Syrien
87%
Kenia
86%
Afghanistan
84%
Angola
78%
Jemen
70%
Uganda
68%
Libyen
66%
Papua-Neuguinea
64%
Tansania
61%

Verteilung der Resultate

Perzentil nach korrekt beantworteten Fragen

Anzahl Personen mit jedem Resultat

Ihre Resultats-Entwicklung

Sie haben dieses Quiz noch nicht gespielt